000
00289nam a2200145Ia 4500
100
_a
Koirala
650
_a
J2EE
942
_c
BK
366
_f
25
654
_a
J2EE
245
_a
Java J2EE Interview questions
260
_b
BPB
082
_a
5.133
_b
KOI
546
_a
ENGLISH
_c
PAMPHALETS
999
_c
19542
_d
19542